[Event "1A liga SSFBiH"]
[Site "Bosanska Krupa, hotel "]
[Date "2018.08.27"]
[Round "4.6"]
[White "Zenelaj, Samuel"]
[Black "Omanovic, Vahidin"]
[Result "1-0"]
[WhiteElo "1869"]
[BlackElo "2017"]
[PlyCount "87"]
[EventDate "2018.08.25"]
[EventRounds "9"]
[EventCountry "BIH"]
[WhiteTeam "ŠK Igman, Konjic"]
[BlackTeam "ŠK Sarajevo"]

1. c4 c5 2. Nc3 Nc6 3. Nf3 g6 4. g3 Bg7 5. Bg2 d6 6. O-O a6 7. Rb1 Bf5 8. d3
Rb8 9. e4 Bg4 10. h3 Bxf3 11. Bxf3 b5 12. cxb5 axb5 13. Bg2 Nf6 14. f4 e5 15.
f5 b4 16. Ne2 Nd7 17. h4 Nd4 18. Bd2 Bf6 19. Nxd4 exd4 20. fxg6 hxg6 21. Qf3
Rh7 22. Bh3 Be7 23. Bf4 Ne5 24. Bxe5 dxe5 25. Bg4 Rb6 26. h5 Qa8 27. hxg6 fxg6
28. Qd1 c4 29. dxc4 Qxe4 30. Qa4+ Qc6 31. Qxc6+ Rxc6 32. Rbe1 Bf6 33. Re4 Ke7
34. Be2 Rh8 35. Rd1 Kd6 36. Rg4 g5 37. b3 Ra8 38. Bf3 Ra7 39. Bxc6 Kxc6 40. Rd3
e4 41. Kf1 Kd6 42. Rxe4 g4 43. Rxg4 Kc5 44. Re4 1-0

[Event "1A liga SSFBiH"]
[Site "Bosanska Krupa, hotel "]
[Date "2018.08.27"]
[Round "4.1"]
[White "Avdic, Mirza"]
[Black "Sutkovic, Damir"]
[Result "1-0"]
[WhiteElo "2205"]
[BlackElo "2351"]
[PlyCount "116"]
[EventDate "2018.08.25"]
[EventRounds "9"]
[EventCountry "BIH"]
[WhiteTeam "ŠK Gracanica"]
[BlackTeam "ŠK Cazin"]

1. e4 c5 2. Nf3 e6 3. d4 cxd4 4. Nxd4 a6 5. Nc3 Nc6 6. Nxc6 bxc6 7. e5 Qc7 8.
Qe2 d5 9. exd6 Bxd6 10. g3 Nf6 11. Bg2 Bb7 12. O-O O-O 13. Na4 c5 14. Bxb7 Qxb7
15. b3 Rac8 16. Rd1 Ne4 17. Qf3 Be5 18. Bb2 Bxb2 19. Nxb2 Rfd8 20. Nc4 Rd4 21.
c3 Rd5 22. Ne3 Ng5 23. Qg2 Rxd1+ 24. Rxd1 Qxg2+ 25. Kxg2 Ne4 26. Rd3 Kf8 27. f3
Nf6 28. Rd6 Ra8 29. Rc6 Nd7 30. Rc7 Ke7 31. Nc4 Kd8 32. Rb7 f6 33. Kf2 Rc8 34.
Ra7 Rc6 35. Ke2 g5 36. Kd3 h5 37. Ke3 Ke7 38. f4 gxf4+ 39. gxf4 Kd8 40. Kf3 Kc8
41. Kg3 Rc7 42. Rxa6 e5 43. fxe5 Nxe5 44. Nxe5 fxe5 45. Kf3 Kb7 46. Ra4 Rf7+
47. Ke4 Rf2 48. h4 Re2+ 49. Kd5 Kb6 50. Re4 Rxa2 51. Rxe5 Kb5 52. Kd6 Ra6+ 53.
Kd5 Ra1 54. Rxh5 Rc1 55. c4+ Kb4 56. Rh8 Rd1+ 57. Kc6 Kxb3 58. Kxc5 Rc1 1-0

[Event "1A liga SSFBiH"]
[Site "Bosanska Krupa, hotel "]
[Date "2018.08.27"]
[Round "4.2"]
[White "Dumpor, Atif"]
[Black "Coric, Ahmed"]
[Result "1-0"]
[WhiteElo "2303"]
[BlackElo "2131"]
[PlyCount "98"]
[EventDate "2018.08.25"]
[EventRounds "9"]
[EventCountry "BIH"]
[WhiteTeam "ŠK Cazin"]
[BlackTeam "ŠK Gracanica"]

1. d4 Nf6 2. Nf3 d5 3. c4 dxc4 4. Qa4+ c6 5. Qxc4 g6 6. g3 Bg7 7. Bg2 O-O 8.
O-O Bg4 9. Nbd2 Qc8 10. Re1 Nbd7 11. e4 Re8 12. Ng5 Rf8 13. h3 Nb6 14. Qf1 Bd7
15. b3 a5 16. Ba3 Qd8 17. Bc5 a4 18. Rad1 axb3 19. axb3 Ra2 20. Qd3 h6 21. Ngf3
Be6 22. Qb1 Ra8 23. Nc4 Nfd7 24. Nxb6 Nxb6 25. g4 Re8 26. d5 cxd5 27. Bd4 Bxd4
28. Nxd4 Bd7 29. exd5 Nc8 30. Qc1 Kh7 31. Ne6 Bxe6 32. dxe6 Qb6 33. exf7 Rf8
34. Bd5 Ra2 35. Qf4 Rc2 36. Re6 Nd6 37. Be4 Nxe4 38. Rxb6 Ng5 39. Kg2 Rxf7 40.
Qxf7+ Nxf7 41. Rxb7 Kg7 42. Rxe7 Kf6 43. Re3 Rc6 44. Rf3+ Ke7 45. Re1+ Kf8 46.
Re4 Rc5 47. Ref4 Rc7 48. Rf6 Kg7 49. b4 Nh8 1-0

[Event "1A liga SSFBiH"]
[Site "Bosanska Krupa, hotel "]
[Date "2018.08.27"]
[Round "4.3"]
[White "Avdic, Adnan A"]
[Black "Komic, Ibrahim"]
[Result "0-1"]
[WhiteElo "2046"]
[BlackElo "2193"]
[PlyCount "95"]
[EventDate "2018.08.25"]
[EventRounds "9"]
[EventCountry "BIH"]
[WhiteTeam "ŠK Gracanica"]
[BlackTeam "ŠK Cazin"]

1. d4 c5 2. c3 e6 3. Nf3 d5 4. Bg5 f6 5. Bf4 Nc6 6. e3 Bd6 7. Bxd6 Qxd6 8. Nbd2
Nge7 9. dxc5 Qxc5 10. e4 O-O 11. exd5 Nxd5 12. Bc4 Rd8 13. Bxd5 Rxd5 14. O-O e5
15. Ne4 Rxd1 16. Nxc5 Rd5 17. Nb3 Bg4 18. Nfd2 Rad8 19. f3 Be6 20. Rf2 b6 21.
Kf1 R5d7 22. Ke1 Ne7 23. Nf1 Nd5 24. g3 Bh3 25. Ke2 Bf5 26. Nbd2 Nc7 27. Ke1
Ne6 28. Ne3 Bg6 29. Nb3 Rd3 30. Re2 Bh5 31. Kf2 Ng5 32. h4 Ne6 33. g4 Be8 34.
Ng2 Bc6 35. Re3 R3d6 36. Rae1 Kf7 37. Nc1 Rd2+ 38. R3e2 Bb5 39. Ke3 Bxe2 40.
Rxe2 Rxe2+ 41. Kxe2 Nf4+ 42. Nxf4 exf4 43. Nd3 g5 44. hxg5 fxg5 45. Nf2 h5 46.
gxh5 Rh8 47. Kd3 Rxh5 48. Ne4 0-1

[Event "1A liga SSFBiH"]
[Site "Bosanska Krupa, hotel "]
[Date "2018.08.27"]
[Round "4.4"]
[White "Abdic, Adnan"]
[Black "Mujacic, Haris"]
[Result "1-0"]
[WhiteElo "2123"]
[BlackElo "1972"]
[PlyCount "91"]
[EventDate "2018.08.25"]
[EventRounds "9"]
[EventCountry "BIH"]
[WhiteTeam "ŠK Cazin"]
[BlackTeam "ŠK Gracanica"]

1. e4 e5 2. Nf3 Nf6 3. Nc3 Nc6 4. Bb5 Bb4 5. O-O O-O 6. d3 Bxc3 7. bxc3 d6 8.
h3 h6 9. Re1 Ne7 10. d4 c6 11. Bf1 Ng6 12. Bb2 Qc7 13. a4 Bd7 14. Nd2 Rfe8 15.
dxe5 dxe5 16. Nc4 Rad8 17. Qd6 Qb8 18. a5 Be6 19. Qxb8 Rxb8 20. Nd6 Red8 21.
Ba3 Ne8 22. Red1 Rd7 23. c4 Nxd6 24. Bxd6 Rbd8 25. c5 a6 26. Rdb1 f6 27. Bd3
Nf4 28. Bf1 Rf7 29. Rb4 Rdd7 30. Kh2 g5 31. g3 Ng6 32. Be2 Rg7 33. Rab1 Kh7 34.
Bh5 Rdf7 35. Kg2 Bc8 36. Be2 Be6 37. Rd1 Rd7 38. Bh5 Nf4+ 39. gxf4 gxf4+ 40.
Kh2 Rg5 41. Bf3 Rdg7 42. Rbb1 Bc8 43. Rg1 h5 44. Rxg5 Rxg5 45. Be7 Kg6 46. h4
1-0

[Event "1A liga SSFBiH"]
[Site "Bosanska Krupa, hotel "]
[Date "2018.08.27"]
[Round "4.5"]
[White "Nezirovic, Ozren"]
[Black "Causevic, Sead"]
[Result "1/2-1/2"]
[WhiteElo "2013"]
[BlackElo "2140"]
[PlyCount "71"]
[EventDate "2018.08.25"]
[EventRounds "9"]
[EventCountry "BIH"]
[WhiteTeam "ŠK Gracanica"]
[BlackTeam "ŠK Cazin"]

1. e4 e5 2. Nf3 Nc6 3. Bc4 Be7 4. d4 d6 5. dxe5 dxe5 6. Qxd8+ Bxd8 7. h3 Nf6 8.
Nbd2 O-O 9. O-O Nd7 10. b3 Nb6 11. Bb2 Nxc4 12. Nxc4 f6 13. Ne3 Re8 14. Rfd1
Be6 15. c4 Be7 16. Nd5 Rec8 17. Rac1 Bc5 18. Kf1 Kf7 19. Ke2 g5 20. a3 Ne7 21.
Ne1 c6 22. Ne3 a5 23. b4 Bxe3 24. Kxe3 b5 25. c5 Bb3 26. Rd6 Rc7 27. g3 Re8 28.
Rc3 Nc8 29. Rd2 Bc4 30. Rc1 Bb3 31. Nf3 Be6 32. h4 Rd7 33. Rcd1 Red8 34. Rxd7+
Rxd7 35. Rxd7+ Bxd7 36. Bc3 1/2-1/2

[Event "1A liga SSFBiH"]
[Site "Bosanska Krupa, hotel "]
[Date "2018.08.27"]
[Round "4.6"]
[White "Nuhic, Amir"]
[Black "Alic, Selmir"]
[Result "1-0"]
[WhiteElo "2155"]
[BlackElo "2051"]
[PlyCount "59"]
[EventDate "2018.08.25"]
[EventRounds "9"]
[EventCountry "BIH"]
[WhiteTeam "ŠK Cazin"]
[BlackTeam "ŠK Gracanica"]

1. e4 c5 2. Nc3 Nc6 3. g3 g6 4. Bg2 Bg7 5. d3 Nf6 6. f4 d6 7. Nf3 O-O 8. O-O
Be6 9. h3 h6 10. Be3 a6 11. Qd2 Kh7 12. Kh2 b5 13. f5 Bd7 14. fxg6+ fxg6 15. e5
b4 16. exf6 bxc3 17. fxe7 Nxe7 18. bxc3 Bc6 19. d4 Qa5 20. Rad1 Rad8 21. c4 Qa4
22. d5 Bd7 23. Bf4 Bf5 24. Rde1 Rf7 25. g4 Bc8 26. Bxh6 Kg8 27. Bxg7 Rxg7 28.
Re4 Bb7 29. Ng5 Rd7 30. Ne6 1-0

[Event "1A liga SSFBiH"]
[Site "Bosanska Krupa, hotel "]
[Date "2018.08.27"]
[Round "4.1"]
[White "Mrkonjic, Nenad"]
[Black "Obad, Andrija"]
[Result "1-0"]
[WhiteElo "2352"]
[BlackElo "2288"]
[PlyCount "127"]
[EventDate "2018.08.25"]
[EventRounds "9"]
[EventCountry "BIH"]
[WhiteTeam "OŠK Živinice"]
[BlackTeam "ŠK Inzio-Tušanj, Tuzla"]

1. d4 d6 2. c4 g6 3. Nc3 Bg7 4. e4 Nf6 5. Nf3 O-O 6. Be2 e5 7. dxe5 dxe5 8. O-O
Nbd7 9. Qc2 Re8 10. Rd1 c6 11. h3 Qc7 12. Be3 Bf8 13. a3 a5 14. Rab1 Nc5 15. b4
axb4 16. axb4 Ne6 17. c5 Nh5 18. Na4 Nef4 19. Bf1 Be6 20. Nb6 Rad8 21. Ng5 h6
22. Nxe6 Nxe6 23. Nc4 Nd4 24. Qb2 Nb5 25. Rxd8 Qxd8 26. Qa1 Qh4 27. Re1 Bg7 28.
g3 Qe7 29. Rd1 Rd8 30. Rxd8+ Qxd8 31. Qc1 Kh7 32. Kg2 Qc7 33. Bd3 Nf6 34. Qd2
Nd7 35. Qa2 Nf8 36. Nb6 Nd4 37. Bc4 Kg8 38. Qa1 Nc2 39. Qc3 Nxe3+ 40. Qxe3 Nd7
41. Na4 Nf6 42. Nb2 Qd7 43. Bb3 Ne8 44. Nc4 Qe7 45. Qd2 Bf8 46. Qd1 Qc7 47. Qf3
Bg7 48. Qg4 Nf6 49. Qe2 Ne8 50. Qa2 Kh7 51. Nb6 Kg8 52. Qa8 Kf8 53. Nc8 Bf6 54.
Nd6 Bd8 55. Nxf7 Be7 56. Nxh6 b6 57. Bf7 Bd8 58. Bxe8 Kxe8 59. Qa2 Qg7 60. Qe6+
Kf8 61. Ng4 bxc5 62. bxc5 Qe7 63. Qxc6 Kg7 64. Qd6 1-0

[Event "1A liga SSFBiH"]
[Site "Bosanska Krupa, hotel "]
[Date "2018.08.27"]
[Round "4.3"]
[White "Mahmutbegovic, Muharem"]
[Black "Budimir, Boris"]
[Result "0-1"]
[WhiteElo "2018"]
[BlackElo "2203"]
[PlyCount "116"]
[EventDate "2018.08.25"]
[EventRounds "9"]
[EventCountry "BIH"]
[WhiteTeam "OŠK Živinice"]
[BlackTeam "ŠK Inzio-Tušanj, Tuzla"]

1. e4 d6 2. d4 Nf6 3. Nc3 e5 4. dxe5 dxe5 5. Qxd8+ Kxd8 6. Nf3 Bd6 7. Bc4 Ke7
8. Bg5 c6 9. O-O-O Bg4 10. Bxf7 Bxf3 11. gxf3 Bc5 12. Bb3 Bxf2 13. Rhf1 Bb6 14.
f4 Be3+ 15. Kb1 Nbd7 16. Rde1 Bd4 17. Ne2 Bb6 18. fxe5 Nxe5 19. Rf5 Bc7 20. Bf4
Nfd7 21. Nd4 g6 22. Bg5+ Kd6 23. Rf2 Bd8 24. Bf4 Bh4 25. Bg3 Bxg3 26. hxg3 Raf8
27. Rd2 Ke7 28. Red1 Rf6 29. Ne2 Rf3 30. Rd6 Nc5 31. Nf4 Rxg3 32. c3 Rg1 33.
Rxg1 Kxd6 34. Bc2 Rf8 35. Ne2 Rf2 36. Nd4 Rf4 37. Rd1 Ke7 38. Rh1 h5 39. b4
Nxe4 40. Re1 Nxc3+ 41. Kb2 Rxd4 42. Kxc3 Rc4+ 43. Kb3 Kf6 44. Rxe5 Kxe5 45.
Kxc4 g5 46. Kd3 Kf4 47. Ke2 b6 48. Ba4 c5 49. bxc5 bxc5 50. Bc6 g4 51. a4 h4
52. a5 Kg3 53. Bd7 h3 54. a6 c4 55. Bf5 c3 56. Kd3 h2 57. Be4 Kf2 58. Kxc3 g3
0-1

[Event "1A liga SSFBiH"]
[Site "Bosanska Krupa, hotel "]
[Date "2018.08.27"]
[Round "4.4"]
[White "Dugonjic, Dragan"]
[Black "Sinanovic, Ermin"]
[Result "1-0"]
[WhiteElo "2036"]
[BlackElo "2155"]
[PlyCount "113"]
[EventDate "2018.08.25"]
[EventRounds "9"]
[EventCountry "BIH"]
[WhiteTeam "ŠK Inzio-Tušanj, Tuzla"]
[BlackTeam "OŠK Živinice"]

1. c4 Nf6 2. Nf3 e6 3. g3 d5 4. Bg2 Be7 5. O-O O-O 6. b3 c6 7. Bb2 Nbd7 8. d3
Bd6 9. Nbd2 e5 10. Qc2 Re8 11. e3 Qe7 12. e4 d4 13. Nh4 g6 14. Ndf3 c5 15. Bc1
Kg7 16. Qd2 Ng8 17. Kh1 h6 18. Ng1 Nf8 19. Bh3 Nh7 20. Bxc8 Raxc8 21. Qe1 Qd7
22. f4 f5 23. fxe5 Rxe5 24. Bf4 Re7 25. Bxd6 Qxd6 26. Rxf5 Ngf6 27. Qe2 Qc6 28.
Rf4 Ng5 29. Qg2 Ne6 30. Rff1 Ng4 31. Qf3 h5 32. Ng2 Rf8 33. Qe2 Ref7 34. Rxf7+
Rxf7 35. Rf1 Qe8 36. Rxf7+ Qxf7 37. Nf3 Qc7 38. h3 Nh6 39. Qf2 Nf7 40. Kh2 a6
41. Nge1 Qd6 42. Kg2 Qc7 43. Qd2 b6 44. Nh4 a5 45. Nef3 Qd6 46. Qf2 Qd7 47. Ng1
Ne5 48. Qf1 Ng5 49. Qf4 Qe7 50. Qd2 Ne6 51. Nhf3 Nf7 52. Ne2 g5 53. h4 g4 54.
Ne1 Ne5 55. Nf4 Nf3 56. Nxf3 gxf3+ 57. Kxf3 1-0

[Event "1A liga SSFBiH"]
[Site "Bosanska Krupa, hotel "]
[Date "2018.08.27"]
[Round "4.5"]
[White "Ramic, Mirnes"]
[Black "Zupcevic, Nedim"]
[Result "1-0"]
[WhiteElo "2068"]
[BlackElo "2051"]
[PlyCount "85"]
[EventDate "2018.08.25"]
[EventRounds "9"]
[EventCountry "BIH"]
[WhiteTeam "OŠK Živinice"]
[BlackTeam "ŠK Inzio-Tušanj, Tuzla"]

1. e4 e5 2. Nf3 Nc6 3. Bc4 Be7 4. d3 Nf6 5. O-O O-O 6. Re1 d6 7. c3 Bg4 8. h3
Bh5 9. Bb3 Qd7 10. Nbd2 Rad8 11. Qe2 Kh8 12. Nf1 d5 13. Bc2 dxe4 14. dxe4 Bc5
15. Ng3 Bg6 16. Bg5 a6 17. b4 Bb6 18. Nh4 h6 19. Bxf6 gxf6 20. Nhf5 Qd2 21.
Rad1 Qf4 22. Qf3 Qxf3 23. gxf3 Kh7 24. Ne3 Bxe3 25. fxe3 h5 26. h4 Kh6 27. Kf2
Rxd1 28. Rxd1 Rd8 29. Ke2 Bh7 30. Rxd8 Nxd8 31. a4 f5 32. exf5 f6 33. Bb3 Nc6
34. Bd5 Nd8 35. a5 c6 36. Bc4 c5 37. Bd5 cxb4 38. cxb4 Nc6 39. Bxc6 bxc6 40.
Kd3 Bg8 41. Ne4 Bh7 42. Nd6 Kg7 43. Kc4 1-0

[Event "1A liga SSFBiH"]
[Site "Bosanska Krupa, hotel "]
[Date "2018.08.27"]
[Round "4.6"]
[White "Mesic, Ismet"]
[Black "Salkic, Mahir"]
[Result "0-1"]
[WhiteElo "1562"]
[BlackElo "2020"]
[PlyCount "64"]
[EventDate "2018.08.25"]
[EventRounds "9"]
[EventCountry "BIH"]
[WhiteTeam "ŠK Inzio-Tušanj, Tuzla"]
[BlackTeam "OŠK Živinice"]

1. e4 c5 2. Nc3 d6 3. f4 Nc6 4. Nf3 e6 5. Bc4 a6 6. a4 Nf6 7. d3 Be7 8. O-O d5
9. exd5 exd5 10. Ba2 O-O 11. Kh1 Bg4 12. h3 Bxf3 13. Qxf3 Nb4 14. Bb1 Qd7 15.
Bd2 b5 16. axb5 axb5 17. Na2 Nc6 18. c3 b4 19. Bc2 Rfb8 20. b3 Ra7 21. Qd1 Rba8
22. Qb1 Ra6 23. Qb2 Qa7 24. Bb1 bxc3 25. Bxc3 Nb4 26. Bxb4 cxb4 27. Re1 Bc5 28.
Qc2 Bd4 29. Nxb4 Rxa1 30. Nc6 Qc5 31. Nxd4 Qxd4 32. Qe2 g6 0-1

[Event "1A liga SSFBiH"]
[Site "Bosanska Krupa, hotel "]
[Date "2018.08.27"]
[Round "4.1"]
[White "Buljubasic, Sabahudin"]
[Black "Zajic, Milan"]
[Result "0-1"]
[WhiteElo "2291"]
[BlackElo "2503"]
[PlyCount "58"]
[EventDate "2018.08.25"]
[EventRounds "9"]
[EventCountry "BIH"]
[WhiteTeam "ŠK Banovici"]
[BlackTeam "ŠK Goražde"]

1. e4 g6 2. d4 Bg7 3. Nc3 c6 4. Bc4 d6 5. Qf3 e6 6. Nge2 Nd7 7. Bf4 Qe7 8. Bb3
Ngf6 9. O-O-O h6 10. h3 e5 11. Bh2 O-O 12. g4 b5 13. Kb1 a5 14. a4 b4 15. Na2
c5 16. Rhe1 Rb8 17. h4 cxd4 18. Ng3 Nc5 19. Nf5 gxf5 20. exf5 Bb7 21. Qh3 Nfe4
22. Bg1 Nxb3 23. cxb3 Rfc8 24. f3 Nc5 25. Bxd4 Nxb3 26. g5 Qc7 27. Rc1 Nxc1 28.
Rxc1 Qd7 29. Rg1 h5 0-1

[Event "1A liga SSFBiH"]
[Site "Bosanska Krupa, hotel "]
[Date "2018.08.27"]
[Round "4.2"]
[White "Vukic, Milan"]
[Black "Avdic, Adnan"]
[Result "1-0"]
[WhiteElo "2386"]
[BlackElo "2203"]
[PlyCount "57"]
[EventDate "2018.08.25"]
[EventRounds "9"]
[EventCountry "BIH"]
[WhiteTeam "ŠK Goražde"]
[BlackTeam "ŠK Banovici"]

1. Nf3 d5 2. g3 c5 3. Bg2 Nc6 4. c4 d4 5. d3 e5 6. O-O f6 7. e3 dxe3 8. fxe3
Bg4 9. Nc3 Qd7 10. Nd5 Nge7 11. e4 Nxd5 12. cxd5 Nd4 13. Be3 O-O-O 14. b4 cxb4
15. Qc1+ Kb8 16. Nxd4 exd4 17. Bxd4 Bd6 18. Qe3 a6 19. Bb2 Rc8 20. d4 Rc2 21.
Rf2 Rxf2 22. Qxf2 Rf8 23. Qd2 Qc7 24. Rc1 Qb6 25. Kh1 Re8 26. Re1 b3 27. Bc3
Rc8 28. Rb1 Bb4 29. Bxb4 1-0

[Event "1A liga SSFBiH"]
[Site "Bosanska Krupa, hotel "]
[Date "2018.08.27"]
[Round "4.3"]
[White "Jovanovic, Nenad"]
[Black "Muratovic, Efim"]
[Result "0-1"]
[WhiteElo "2069"]
[BlackElo "2383"]
[PlyCount "64"]
[EventDate "2018.08.25"]
[EventRounds "9"]
[EventCountry "BIH"]
[WhiteTeam "ŠK Banovici"]
[BlackTeam "ŠK Goražde"]

1. d4 Nf6 2. Nf3 e6 3. Bf4 b6 4. e3 Be7 5. Bd3 Bb7 6. O-O O-O 7. Nbd2 d5 8. h3
c5 9. Bxb8 Rxb8 10. c3 Qc7 11. Re1 Ne4 12. Nh2 Nxf2 13. Qe2 Nxd3 14. Qxd3 e5
15. dxe5 Qxe5 16. Ng4 Qg3 17. Nf1 Qh4 18. Re2 Rbd8 19. a4 f5 20. Ngh2 Qf6 21.
Rf2 d4 22. c4 Qe6 23. a5 Bh4 24. Re2 Rfe8 25. axb6 axb6 26. Qb3 f4 27. e4 d3
28. Rd2 Bxe4 29. Ng4 Qg6 30. Qd1 Bc6 31. Ra3 h5 32. Ngh2 Re1 0-1

[Event "1A liga SSFBiH"]
[Site "Bosanska Krupa, hotel "]
[Date "2018.08.27"]
[Round "4.4"]
[White "Stavnjak, Lazar"]
[Black "Rahmanovic, Mesan"]
[Result "1-0"]
[WhiteElo "2221"]
[BlackElo "1925"]
[PlyCount "91"]
[EventDate "2018.08.25"]
[EventRounds "9"]
[EventCountry "BIH"]
[WhiteTeam "ŠK Goražde"]
[BlackTeam "ŠK Banovici"]

1. e4 c5 2. Nf3 e6 3. d4 cxd4 4. Nxd4 Bc5 5. Nc3 a6 6. Nb3 Bb4 7. Bd2 b5 8. a3
Be7 9. Be2 Nc6 10. O-O Bb7 11. f4 d6 12. Be3 Nf6 13. Bf3 Qc7 14. Qd2 h6 15.
Rad1 Rd8 16. Qf2 Rd7 17. Qg3 Bf8 18. Nd4 h5 19. f5 e5 20. Nxc6 Bxc6 21. Bg5 Be7
22. Rd3 Qb7 23. Bxf6 Bxf6 24. Rfd1 Qa7+ 25. Qf2 Qxf2+ 26. Kxf2 Ke7 27. Na2 Bh4+
28. g3 Bf6 29. Rc3 Bb7 30. Nb4 h4 31. g4 h3 32. Nc6+ Bxc6 33. Rxc6 Bh4+ 34. Ke3
Ra8 35. Be2 a5 36. Bxb5 a4 37. Bc4 Bg5+ 38. Kd3 Bf4 39. Rh1 Rb8 40. b4 axb3 41.
cxb3 Kf6 42. Ke2 Kg5 43. Kf3 g6 44. a4 Kh4 45. fxg6 fxg6 46. Be6 1-0

[Event "1A liga SSFBiH"]
[Site "Bosanska Krupa, hotel "]
[Date "2018.08.27"]
[Round "4.6"]
[White "Hajvaz, Dzemal"]
[Black "Softic, Nusret"]
[Result "1-0"]
[WhiteElo "2053"]
[BlackElo "1879"]
[PlyCount "43"]
[EventDate "2018.08.25"]
[EventRounds "9"]
[EventCountry "BIH"]
[WhiteTeam "ŠK Goražde"]
[BlackTeam "ŠK Banovici"]

1. e4 e5 2. Nf3 Nc6 3. d4 exd4 4. Nxd4 Ne5 5. Nc3 Nf6 6. f4 Nc6 7. e5 Ng8 8.
Nxc6 bxc6 9. Be2 Bc5 10. Ne4 Bb6 11. a4 a5 12. c4 c5 13. Ng5 Rb8 14. O-O Bb7
15. Bf3 Bxf3 16. Qxf3 Ne7 17. f5 Nc6 18. Re1 O-O 19. f6 g6 20. Qf4 Nd4 21. Nxh7
Re8 22. Qh6 1-0

[Event "1A liga SSFBiH"]
[Site "Bosanska Krupa, hotel "]
[Date "2018.08.27"]
[Round "4.1"]
[White "Markovic, Dino"]
[Black "Vajic, Goran"]
[Result "0-1"]
[WhiteElo "2010"]
[BlackElo "2280"]
[PlyCount "70"]
[EventDate "2018.08.25"]
[EventRounds "9"]
[EventCountry "BIH"]
[WhiteTeam "ŠK Preporod, Zenica"]
[BlackTeam "ŠK Bihac"]

1. d4 f5 2. c4 Nf6 3. Nf3 e6 4. g3 c6 5. Bg2 d5 6. Nbd2 Bd6 7. O-O O-O 8. b3
Nbd7 9. Bb2 Ne4 10. Ne5 Nxe5 11. dxe5 Bc5 12. Nxe4 fxe4 13. Bd4 Be7 14. cxd5
exd5 15. Rc1 Be6 16. f3 exf3 17. exf3 Qa5 18. Bc3 Qb6+ 19. Kh1 c5 20. f4 d4 21.
Bd2 Rad8 22. Be4 Bd5 23. Qf3 Qc6 24. Bxd5+ Qxd5 25. Qxd5+ Rxd5 26. a4 Kf7 27.
Kg2 Ke6 28. Rfe1 Rdd8 29. Kf3 Kd5 30. Ke2 Rb8 31. Kd3 b5 32. axb5 Rxb5 33. b4
Rfb8 34. Rc4 a5 35. Ra1 axb4 0-1

[Event "1A liga SSFBiH"]
[Site "Bosanska Krupa, hotel "]
[Date "2018.08.27"]
[Round "4.3"]
[White "Bajramovic, Halid"]
[Black "Rajic, Ivan"]
[Result "0-1"]
[WhiteElo "2107"]
[BlackElo "2012"]
[PlyCount "102"]
[EventDate "2018.08.25"]
[EventRounds "9"]
[EventCountry "BIH"]
[WhiteTeam "ŠK Preporod, Zenica"]
[BlackTeam "ŠK Bihac"]

1. d4 Nf6 2. c4 g6 3. g3 Bg7 4. Bg2 O-O 5. Nf3 d6 6. O-O Nc6 7. Nc3 e5 8. d5
Nb8 9. e4 a5 10. h3 Na6 11. Be3 Nd7 12. a3 f5 13. b4 b6 14. exf5 gxf5 15. Ng5
Nf6 16. Ne6 Bxe6 17. dxe6 e4 18. g4 Nxg4 19. hxg4 Bxc3 20. gxf5 Bxa1 21. Qxa1
Rxf5 22. Bxe4 Rg5+ 23. Bxg5 Qxg5+ 24. Bg2 Re8 25. Qd4 axb4 26. f4 Qg7 27. Qe3
bxa3 28. f5 a2 29. Qa3 Qd4+ 30. Kh2 a1=Q 31. Rxa1 Nc5 32. Rf1 Qf6 33. Qe3 Kh8
34. Bc6 Re7 35. Qf4 Nd3 36. Qe3 Ne5 37. Qa3 Rg7 38. Rg1 Qh4+ 39. Qh3 Qf4+ 40.
Kh1 Rxg1+ 41. Kxg1 Nxc6 42. Qh5 Qd4+ 43. Kh2 Qf2+ 44. Kh1 Ne7 45. Qe8+ Ng8 46.
Qf7 Qf3+ 47. Kh2 Qf4+ 48. Kh3 Qxc4 49. Kg3 b5 50. Qe8 Qc3+ 51. Kf4 Qe5+ 0-1

[Event "1A liga SSFBiH"]
[Site "Bosanska Krupa, hotel "]
[Date "2018.08.27"]
[Round "4.4"]
[White "Arnaut, Armin"]
[Black "Hadzic, Latif"]
[Result "0-1"]
[WhiteElo "2070"]
[BlackElo "2053"]
[PlyCount "80"]
[EventDate "2018.08.25"]
[EventRounds "9"]
[EventCountry "BIH"]
[WhiteTeam "ŠK Bihac"]
[BlackTeam "ŠK Preporod, Zenica"]

1. e4 e5 2. Nf3 Nc6 3. Bb5 f5 4. d3 Nf6 5. O-O d6 6. Nc3 Be7 7. Bg5 O-O 8. Bxf6
Bxf6 9. Ne1 Nd4 10. Bc4+ Kh8 11. a4 c6 12. a5 Qe7 13. Ne2 Nxe2+ 14. Qxe2 Be6
15. Bxe6 Qxe6 16. Ra4 b5 17. axb6 axb6 18. Rb4 b5 19. c4 bxc4 20. dxc4 fxe4 21.
Qxe4 d5 22. Qc2 e4 23. Qe2 d4 24. f3 Qd6 25. c5 Qxc5 26. Rc4 d3+ 27. Rxc5 dxe2
28. Rf2 Ra1 29. Rxe2 Bd4+ 30. Kf1 exf3 31. gxf3 Bxc5 32. Kg2 Raa8 33. Rc2 Bd4
34. Rxc6 Bxb2 35. Nd3 Rad8 36. Nb4 Rd2+ 37. Kg3 Be5+ 38. f4 Rd4 39. fxe5 Rxb4
40. e6 Re4 0-1

[Event "1A liga SSFBiH"]
[Site "Bosanska Krupa, hotel "]
[Date "2018.08.27"]
[Round "4.5"]
[White "Redzepi, Mehmedalija"]
[Black "Tajic, Zlatan"]
[Result "0-1"]
[WhiteElo "1883"]
[BlackElo "2125"]
[PlyCount "104"]
[EventDate "2018.08.25"]
[EventRounds "9"]
[EventCountry "BIH"]
[WhiteTeam "ŠK Preporod, Zenica"]
[BlackTeam "ŠK Bihac"]

1. d4 d5 2. Nf3 Nf6 3. Bf4 Nh5 4. Bg5 c6 5. Nbd2 Qb6 6. Nb3 Bf5 7. Bd2 Qc7 8.
h3 Nf6 9. Ne5 e6 10. g4 Be4 11. f3 Bg6 12. Bg2 Nbd7 13. f4 Be4 14. Bf3 Be7 15.
O-O h6 16. Be3 Bh7 17. Bf2 Ne4 18. Bxe4 Bxe4 19. Nd2 Bh7 20. Bg3 Nf6 21. c3 Bd6
22. Bh2 Ne4 23. Nxe4 Bxe4 24. e3 O-O-O 25. b4 Kb8 26. Qb3 f6 27. Nf3 h5 28. Nd2
Bd3 29. Rf2 hxg4 30. hxg4 Rh3 31. Re1 b5 32. a4 g5 33. Qd1 Rdh8 34. Nb3 Qh7 35.
Qd2 Be4 36. Nc5 Rg3+ 37. Kf1 Qh3+ 38. Ke2 Qxh2 39. Kd1 Qh3 40. fxg5 Qxg4+ 41.
Kc1 Bxc5 42. bxc5 Qxg5 43. axb5 cxb5 44. Kb2 Rg2 45. Ree2 Rhh2 46. Kb3 Qg3 47.
Rxg2 Rxg2 48. Kb4 Qf3 49. Rxg2 Qxg2 50. Qc1 Qe2 51. Ka5 Qc4 52. Qa3 Bd3 0-1

[Event "1A liga SSFBiH"]
[Site "Bosanska Krupa, hotel "]
[Date "2018.08.27"]
[Round "4.6"]
[White "Stankovic, Dragan"]
[Black "Besirevic, Jasmin"]
[Result "1-0"]
[WhiteElo "1924"]
[BlackElo "1863"]
[PlyCount "65"]
[EventDate "2018.08.25"]
[EventRounds "9"]
[EventCountry "BIH"]
[WhiteTeam "ŠK Bihac"]
[BlackTeam "ŠK Preporod, Zenica"]

1. e4 c5 2. Nf3 d6 3. d4 cxd4 4. Nxd4 e5 5. Bb5+ Nd7 6. Nf5 Qc7 7. Nc3 Ngf6 8.
Bg5 Qc5 9. O-O a6 10. Bxf6 gxf6 11. Ba4 b5 12. Bb3 Nb6 13. Qh5 Ra7 14. Nh6 Bxh6
15. Qxh6 Ke7 16. Qg7 Rf8 17. Qxh7 Bb7 18. Ne2 Nc4 19. Ng3 Bc8 20. Nh5 Bg4 21.
Nxf6 Be6 22. Qh4 Rfa8 23. Nd5+ Kd7 24. Bxc4 bxc4 25. Rfd1 a5 26. b3 Kc6 27.
bxc4 Qxc4 28. Rab1 Qxa2 29. Rb6+ Kc5 30. Rdb1 Qc4 31. Qg3 Bxd5 32. Qe3+ Qd4 33.
R1b5+ 1-0

[Event "1A liga SSFBiH"]
[Site "Bosanska Krupa, hotel "]
[Date "2018.08.28"]
[Round "5.1"]
[White "Vajic, Goran"]
[Black "Hadzovic, Amir"]
[Result "1/2-1/2"]
[WhiteElo "2280"]
[BlackElo "2245"]
[PlyCount "69"]
[EventDate "2018.08.25"]
[EventRounds "9"]
[EventCountry "BIH"]
[WhiteTeam "ŠK Bihac"]
[BlackTeam "ŠK Sarajevo"]

1. e4 e5 2. Nf3 Nc6 3. d4 exd4 4. Bc4 Nf6 5. e5 d5 6. Bb5 Ne4 7. Nxd4 Bc5 8.
O-O O-O 9. Bxc6 bxc6 10. Be3 Qe8 11. f3 Nf6 12. Bf2 Qxe5 13. Re1 Qh5 14. Nd2
Ba6 15. Nf1 Bxf1 16. Rxf1 Bd6 17. Bg3 c5 18. Nc6 d4 19. Bxd6 cxd6 20. c3 Nd5
21. Qb3 Ne3 22. Rf2 c4 23. Qb4 d3 24. Qxd6 Rfe8 25. Nd4 Rad8 26. Qc6 Re7 27. b3
Rde8 28. Re1 h6 29. bxc4 Qa5 30. Nb3 Qxc3 31. Rd2 Nxc4 32. Rxe7 Rxe7 33. Qc8+
Kh7 34. Qf5+ g6 35. Qxd3 1/2-1/2